Bharathada ithihasa II (AD 1206 - 1856 (Record no. 238648)
[ view plain ]
| 000 -LEADER | |
|---|---|
| fixed length control field | 00446nam a2200181Ia 4500 |
| 003 - CONTROL NUMBER IDENTIFIER | |
| control field | OSt |
| 005 - DATE AND TIME OF LATEST TRANSACTION | |
| control field | 20260316130658.0 |
| 008 - FIXED-LENGTH DATA ELEMENTS--GENERAL INFORMATION | |
| fixed length control field | 250729s2000 xx 000 0 und d |
| 040 ## - CATALOGING SOURCE | |
| Transcribing agency | AL |
| 041 ## - LANGUAGE CODE | |
| Language code of text/sound track or separate title | eng |
| 082 ## - DEWEY DECIMAL CLASSIFICATION NUMBER | |
| Classification number | 930.7 GILI |
| 100 ## - MAIN ENTRY--PERSONAL NAME | |
| Personal name | Gilbert sequira |
| 9 (RLIN) | 230170 |
| 245 ## - TITLE STATEMENT | |
| Title | Bharathada ithihasa II (AD 1206 - 1856 |
| 260 ## - PUBLICATION, DISTRIBUTION, ETC. | |
| Place of publication, distribution, etc. | Mangalore |
| Name of publisher, distributor, etc. | Mangala Prakashana |
| Date of publication, distribution, etc. | 2000 |
| 300 ## - PHYSICAL DESCRIPTION | |
| Extent | 591p |
| 650 ## - SUBJECT ADDED ENTRY--TOPICAL TERM | |
| Topical term or geographic name entry element | History |
| 9 (RLIN) | 230171 |
| 942 ## - ADDED ENTRY ELEMENTS (KOHA) | |
| Source of classification or shelving scheme | Dewey Decimal Classification |
| Koha item type | School of Education |
| Withdrawn status | Lost status | Damaged status | Not for loan | Home library | Current library | Date acquired | Source of acquisition | Total Checkouts | Full call number | Barcode | Date last seen | Price effective from | Koha item type |
|---|---|---|---|---|---|---|---|---|---|---|---|---|---|
| St Aloysius Library | St Aloysius Library | 07/29/2025 | Management Books | 930.7 GILI | BED03967 | 07/29/2025 | 07/29/2025 | Book |